| 000 | 01376nam a2200277 a 4500 | ||
|---|---|---|---|
| 001 | |||
| 003 | DO-SdBNP | ||
| 005 | 20221118091003.0 | ||
| 008 | 090929s1986 dr a 001 0 spa d | ||
| 040 |
_aDO-SdBNP _bspa _cBPMSU |
||
| 082 |
_a338.187293 _bQ59p 1986 _222 |
||
| 100 | 1 | _aQuezada, Norberto | |
| 245 | 1 | 0 |
_aPolítica endógena de precios y de comercio internacional agrícolas en la República Dominicana / _cNorberto Quezada; prólogo Maritza Ruiz. |
| 260 |
_aSanto Domingo, : _bTaller, _c1986. |
||
| 300 |
_a209 p. : _bil ; _c22 cm. |
||
| 500 | _aIncluye referencias bibliográficas y notas al pie de las páginas | ||
| 504 | _aBibliografía : p. 189-195 | ||
| 505 | 0 | _aPolítica económica que afecta la agricultura -- Impuesto y subsidios implícitos en el comercio, distribución por factores en la agricultura, y patrones de consumo -- Impuestos y subsidios Implícitos en el comercio -- Distribución por factores del ingreso Agrícola -- Patrones de Consumo -- La demanda de política económica -- Especificación de un modelo de política endógena. | |
| 590 | _aInventariado,2022/VM | ||
| 650 | 4 |
_aPolítica de precios agrícolas _xRepública Dominicana |
|
| 650 | 4 |
_aPolítica agrícola _xRepública Dominicana |
|
| 650 | 4 | _aComercio agrícola | |
| 700 | 1 |
_aRuiz, Maritza _eprólogo |
|
| 910 | _aVMateo V./Validado | ||
| 942 |
_2ddc _cBK |
||
| 999 |
_c14064 _d14064 |
||